| 000 | 00583nam a2200217Ia 4500 | ||
|---|---|---|---|
| 003 | IIN | ||
| 005 | 20250328113854.0 | ||
| 008 | 250328s9999 xx ad 001 0 eng d | ||
| 020 |
_cRs.2395.00 _a9780323793742 |
||
| 040 |
_aIIN _bEnglish |
||
| 082 |
_a611 _bNET |
||
| 100 | 1 | _aNetter, Frank H. | |
| 245 | 2 |
_aAtlas of Human Anatomy _bClassic Regional Approach _cFrank H. Netter |
|
| 250 | _a8th ed | ||
| 260 |
_bElsevier _aPhiladelphia _c2023 |
||
| 300 |
_a556 p. _bcol. ill. |
||
| 500 | _aIncludes Index | ||
| 650 | 1 | _aAnatomy | |
| 650 | 1 | _aHuman Anatomy | |
| 942 | _cBOOK | ||
| 999 |
_c1710 _d1710 |
||